000 00518nam a2200157 i 4500
001 31185
003 ES-MaACL
005 20230906154331.0
007 t|
008 030128s1972 sp ||||1| spa d
100 1 _aBeascoechea Ariceta, José María.
_926786
245 1 0 _aPlanteamiento técnico-comercial de la empresa y su estructuración mediante modelos /
_cJosé María Beascoechea Ariceta.
260 _aMadrid :
_bI.E.E.,
_c[1972]
300 _a182 p. :
_bil. ;
_c21 cm.
852 _aES-MaACL
_jC-47356
_bR.81326
999 _c31185
_d31185